Home Print Resources E-Books E-Journals IIMT Lecture Series Library Membership Form Book Recommendation Form Campus Tour Take AdmissionAbout Us Contact Us

BASIC PATHOLOGY (Record no. 49570)

000 -LEADER
fixed length control field nam a22 7a 4500
003 - CONTROL NUMBER IDENTIFIER
control field OSt
005 - DATE AND TIME OF LATEST TRANSACTION
control field 20200123114446.0
008 - FIXED-LENGTH DATA ELEMENTS--GENERAL INFORMATION
fixed length control field 200123b xxu||||| |||| 00| 0 eng d
040 ## - CATALOGING SOURCE
Transcribing agency IIMT UNIVERISTY MEERUT
Modifying agency SEROSOFT
082 ## - DEWEY DECIMAL CLASSIFICATION NUMBER
Classification number 616.07KUM
100 ## - MAIN ENTRY--PERSONAL NAME
Personal name ROBBINS
245 ## - TITLE STATEMENT
Title BASIC PATHOLOGY
Statement of responsibility, etc. AUTHOR
Medium ENGLISH
260 ## - PUBLICATION, DISTRIBUTION, ETC.
Place of publication, distribution, etc. ELSEVIER
Name of publisher, distributor, etc. FIRST SOUTH ASIA ED.2018
300 ## - PHYSICAL DESCRIPTION
Extent PAPER BACK
Other physical details 935PP
700 ## - ADDED ENTRY--PERSONAL NAME
Personal name ROBBINS
760 ## - MAIN SERIES ENTRY
Edition FIRST 2018
856 ## - ELECTRONIC LOCATION AND ACCESS
Materials specified PAPER BACK
887 ## - NON-MARC INFORMATION FIELD
Source of data TITLE
942 ## - ADDED ENTRY ELEMENTS (KOHA)
Source of classification or shelving scheme
Koha item type Text-Book- for 7 days
Edition FIRST 2018
Holdings
Withdrawn status Lost status Source of classification or shelving scheme Damaged status Not for loan Home library Current library Date acquired Cost, normal purchase price Total Checkouts Full call number Barcode Date last seen Copy number Price effective from Koha item type
          IIMT University College of Medical Sciences IIMT University College of Medical Sciences 01/23/2020 2795.00   616.07KUM 02-B-12125 01/23/2020 R 01/23/2020 Text-Book- for 7 days
IIMT, Central Library. All Rights Reserved IIMT,UNIVERSITY © 2023
Implemented and Customised by I CLOUDE EMS
You Are OPAC Visitor No
free web counter

Powered by Koha